| 000 | 01323nam a2200301 i 4500 | ||
|---|---|---|---|
| 005 | 20220317000250.0 | ||
| 007 | ta | ||
| 008 | 210806s2011 sp a0 se s dspa d | ||
| 020 | _a9788479028688 | ||
| 040 |
_aCO-BoRNBP _bspa _cCO-BoRNBP _erda |
||
| 082 | 0 | 4 |
_a796.353 _bG15b _222 |
| 100 | 1 |
_aGandolfi, Giorgio _eautor |
|
| 245 | 1 | 0 |
_aBaloncesto, ejercicios para el juego de ataque _bguía completa con más de 150 innovadores ejercicios de los mejores entrenadores del mundo _cGiorgio Gandolfi ; traducción José Miguel Álvarez Gómez ; editor David Domingo |
| 246 | 3 | 2 |
_aBaloncesto, ejercicios para el juego de ataque _bguía completa con más de ciento cincuenta innovadores ejercicios de los mejores entrenadores del mundo |
| 264 | 1 |
_aMadrid _bEdiciones Tutor _c2011 |
|
| 300 |
_a272 páginas _bilustraciones _c24 cm |
||
| 336 |
_atexto _btxt _2rdacontent |
||
| 337 |
_asin mediación _bn _2rdamedia |
||
| 338 |
_avolumen _bnc _2rdacarrier |
||
| 534 | _tThe complete book of offensive basketball drills | ||
| 545 | _aIncluye biografía del autor al final del texto | ||
| 650 | 1 | 7 |
_aDeportes _xTécnicas _2LEMB |
| 650 | 1 | 7 |
_aBaloncesto _xTécnicas _2LEMB |
| 650 | 1 | 7 |
_aJuegos _xTécnicas _2LEMB |
| 700 | 1 |
_aÁlvarez Gómez, José Miguel _etraductor _912739 |
|
| 700 | 1 |
_aDomingo, David _eeditor _9178801 |
|
| 942 |
_2ddc _cBK |
||
| 999 |
_c3563 _d3563 |
||